Kỹ xảo lập trình VB6 :

Salvato in:
Dettagli Bibliografici
Autore principale: Phạm, Hữu Khang
Natura: Libro
Lingua:Undetermined
Pubblicazione: Hà Nội Lao Động- Xã Hội 2004
Soggetti:
Tags: Aggiungi Tag
Nessun Tag, puoi essere il primo ad aggiungerne! !
Thư viện lưu trữ: Trung tâm Học liệu Trường Đại học Cần Thơ
LEADER 00585nam a2200181Ia 4500
001 CTU_89080
008 210402s9999 xx 000 0 und d
082 |a 005.15 
082 |b Kh106 
100 |a Phạm, Hữu Khang 
245 0 |a Kỹ xảo lập trình VB6 : 
245 0 |c Phạm Hữu Khang, Hoàng Đức Hải; Phương Lan hiệu đính 
260 |a Hà Nội 
260 |b Lao Động- Xã Hội 
260 |c 2004 
650 |a Visual basic ( computer program language ) 
904 |i Năm 
980 |a Trung tâm Học liệu Trường Đại học Cần Thơ